000 00410cam a2200181 4500
001 D3528
008 090401t1979 xxu||||| |||| 00| 0 eng d
035 _a(Sirsi) u73613
041 _aeng
050 _a333.337
110 _aEstates Times
_9307
245 _aOffices Review 1979
260 _aLondon
_bEstates Times
_c1979
300 _a66p. ill. 28cm
350 _a0
942 _n0
948 _c04/03/1997
999 _c95649
_d95649